No Me Leas La Mente #1 - Estadísticas

Estadísticas generales
  • Esta prueba ha sido intentada 235 veces
  • La puntuación promedio es 5 de 10
Estadísticas de respuestas
nº opciones pregunta respuesta % Correcto
12 Países de América del Sur
100%
9 Países ganadores del mundial de fútbol
96%
9 Lugares desde los que salen transportes
90%
8 Instrumentos de cuerda
74%
7 Días de la semana
33%
6 Piezas del ajedrez
24%
4 Estados de la materia
18%
8 Grupos de la tabla periódica
16%
3 Poderes del Estado
10%
4 Sectores económicos
5%
No se encontraron pruebas coincidentes
Distribución de puntuación
Porcentaje de gente con cada puntuación
Porcentaje por número respondido
Historial de tus puntuaciones
No has intentado esta prueba.